00391 2200145 4500245007800000020001400078100001500092005001900107260003300126041001400159084000900173300001400182490003800196338001100234 aGema Widyakarya b : Meningkatkan Profesionalisme GurucAdi DasminhText a0853-5078 aAdi Dasmin a20230523111349 aJakartabTrias Munartac2022 aIndonesia aNONE a56 hlm. : aMeningkatkan Profesionalisme Guru avolume